| 000 | 00795cam a22002415a 4500 | ||
|---|---|---|---|
| 001 | 14707338 | ||
| 005 | 20160307115741.0 | ||
| 006 | m||||f ||z 00| 0 | ||
| 008 | 070123t2010 moua frb 001 0 eng d | ||
| 020 | _a9780323035903 (pbk. : alk. paper) | ||
| 040 |
_aDLC _cDLC _dDLC _dEG-ScBUE _beng |
||
| 082 | 0 | 4 |
_a615.1 _bGUY _222 |
| 100 | 1 |
_aGuy, Jeffrey S. _938401 |
|
| 245 | 1 | 0 |
_aPharmacology for the prehospital professional / _cJeffrey S. Guy. |
| 260 |
_aMissouri : _bMosby/Elsevier, _cc.2010. |
||
| 300 |
_axvi, 456 p. : _bill. (col.) ; _c28 cm.+ _e1 DVD-ROM (4 3/4 in.) |
||
| 500 | _aIndex : p. 445-455. | ||
| 504 | _aIncludes bibliographical references. | ||
| 650 | 7 |
_aPharmacology. _2BUEsh _912590 |
|
| 651 | _2BUEsh | ||
| 653 |
_bPPhrm _cJune2015 _cAugust2015 |
||
| 942 |
_2ddc _k615.1 GUY |
||
| 999 |
_c20081 _d20053 |
||